01781nam a22002297a 4500003000400000005001700004008004100021020001800062082001800080100003300098245005100131250001800182260005100200300002800251490001800279520110100297610003401398650003601432654002901468655002101497700003301518OSt20260428121158.0260428b |||||||| |||| 00| 0 spa d a9788418418853 29788418418853 aMaría José Borrego Osete aGestión y dirección de clínicas dentales a1ra edición aJaén, EspañabFormación Alcalác 2021. a374 págc17 x 23.5 cm 3 Rústica /  aEste manual especializado tiene como propósito fundamental dotar a los profesionales del sector odontológico de las competencias directivas necesarias para transformar una consulta en una empresa competitiva. El texto aborda de manera integral la planificación estratégica, la gestión financiera y la optimización de los procesos internos para maximizar la rentabilidad del centro. Asimismo, analiza la importancia del marketing sanitario y la fidelización del paciente como ejes vertebradores del éxito institucional. A través de sus capítulos, se examinan las normativas vigentes y los protocolos de calidad que aseguran la excelencia en la prestación de servicios de salud. La obra busca, en última instancia, profesionalizar la administración dental mediante herramientas prácticas de liderazgo y control organizacional. El contenido equilibra el rigor técnico con una visión pragmática adaptada a las exigencias del mercado actual. Por ello, se posiciona como una guía de referencia para titulares de clínicas que deseen mejorar su eficiencia operativa. xPlanificación estratégica xGestión financiera y contable xMarketing odontológico xRecursos humanos aMaría José Borrego Osete